Statistics for Arctic Monkeys Lyrics - Mr Schwartz

Click here to take the quiz!

General Stats

  • This quiz has been taken 21 times
  • The average score is 116 of 179

Answer Stats

Lyrics% Correct
Mr.
91%
Schwartz
91%
a
82%
be
82%
crew
82%
for
82%
I
82%
in
82%
is
82%
it
82%
It's
82%
it's
82%
on
82%
stayin'
82%
strong
82%
The
82%
the
82%
to
82%
you
82%
your
82%
all
73%
And
73%
and
73%
dancin'
73%
do
73%
Do
73%
get
73%
heavy
73%
lint
73%
me
73%
metal
73%
Put
73%
-rollin'
73%
shoes
73%
suit
73%
test
73%
There
73%
velveteen
73%
win
73%
ever
64%
half
64%
like
64%
love
64%
of
64%
song
64%
that
64%
time
64%
Wardrobe's
64%
we
64%
what
64%
who
64%
best
55%
business
55%
clue
55%
debut
55%
dubbin'
55%
had
55%
havin'
55%
heart
55%
little
55%
might
55%
neither
55%
or
55%
pretending
55%
prize?
55%
smudgin'
55%
thing
55%
Timing
55%
too
55%
try?
55%
-wise,
55%
about
45%
after
45%
as
45%
As
45%
Askin'
45%
at
45%
attempted
45%
before
45%
both
45%
can
45%
coming
45%
cute
45%
deduce
45%
fact
45%
gets
45%
Gradually,
45%
guess
45%
has
45%
if
45%
I'm
45%
incorrectly
45%
into
45%
kids
45%
kiss
45%
not
45%
now
45%
one
45%
probably
45%
tea
45%
There's
45%
third
45%
twice,
45%
view
45%
with
45%
wives
45%
any
36%
Come
36%
fine
36%
goddamn
36%
grips
36%
Having
36%
here
36%
gloved
27%
hand's
27%
hit
27%
reachin'
27%
switch
27%
directional
0%

Score Distribution

Percentile by Number Answered

Percent of People with Each Score

Your Score History

You have not taken this quiz